000 00285nam a22001337a 4500
008 170602b xxu||||| |||| 00| 0 eng d
020 _a94(100)
041 _aeng
080 _a94(100)
100 _a17
101 _aSHH
245 _aA WORLD HISTORY
_cMCNEILL, W.H
942 _2udc
_cBK
999 _c15662
_d15662